Comuni della Provincia di Pavia - Statistics

Statistiche generali
  • Questo quiz è stato fatto 147 volte
    52 dall'ultimo reset
  • Il punteggio medio è 57 su 186
Statistiche sulle risposte
Comune % Corretto
Pavia
96%
Vigevano
96%
Voghera
88%
Certosa di Pavia
80%
Garlasco
76%
San Martino Siccomario
76%
Stradella
76%
Broni
72%
Casteggio
72%
Mortara
72%
Bereguardo
68%
Casei Gerola
68%
Lomello
68%
Varzi
68%
Gambolò
64%
Vidigulfo
64%
Mede
60%
San Genesio ed Uniti
60%
Cava Manara
56%
Sannazzaro de' Burgondi
56%
Siziano
56%
Zerbo
56%
Zinasco
56%
Gropello Cairoli
52%
Linarolo
52%
Montù Beccaria
52%
Torre d'Isola
52%
Zerbolò
52%
Arena Po
48%
Carbonara al Ticino
48%
Casatisma
48%
Albuzzano
44%
Belgioioso
44%
Casorate Primo
44%
Lungavilla
44%
Rivanazzano Terme
44%
Santa Maria della Versa
44%
Travacò Siccomario
44%
Verrua Po
44%
Bressana Bottarone
40%
Chignolo Po
40%
Landriano
40%
Pieve Porto Morone
40%
Pinarolo Po
40%
Ponte Nizza
40%
Santa Giuletta
40%
Silvano Pietra
40%
Trivolzio
40%
Tromello
40%
Zavattarello
40%
Zeccone
40%
Bornasco
36%
Cassolnovo
36%
Ceranova
36%
Codevilla
36%
Copiano
36%
Giussago
36%
Lardirago
36%
Pietra de' Giorgi
36%
Pieve del Cairo
36%
San Giorgio di Lomellina
36%
Villanterio
36%
Cilavegna
32%
Corana
32%
Corteolona e Genzone
32%
Fortunago
32%
Marcignago
32%
Marzano
32%
Montalto Pavese
32%
Ottobiano
32%
Redavalle
32%
Retorbido
32%
Santa Cristina e Bissone
32%
Santa Margherita di Staffora
32%
Scaldasole
32%
Alagna
28%
Borgo Priolo
28%
Candia Lomellina
28%
Castelletto di Branduzzo
28%
Godiasco Salice Terme
28%
Mezzana Bigli
28%
Montebello della Battaglia
28%
Robbio
28%
Romagnese
28%
Roncaro
28%
Sommo
28%
Torrazza Coste
28%
Torre d'Arese
28%
Torrevecchia Pia
28%
Val di Nizza
28%
Zeme
28%
Bagnaria
24%
Bascapè
24%
Borgarello
24%
Bosnasco
24%
Brallo di Pregola
24%
Canneto Pavese
24%
Colli Verdi
24%
Cura Carpignano
24%
Ferrera Erbognone
24%
Galliavola
24%
Magherno
24%
Mezzanino
24%
Oliva Gessi
24%
Palestro
24%
Pancarana
24%
Parona
24%
Pizzale
24%
Sant'Alessio con Vialone
24%
Sartirana Lomellina
24%
Torre Beretti e Castellaro
24%
Trovo
24%
Vellezzo Bellini
24%
Zenevredo
24%
Bastida Pancarana
20%
Borgo San Siro
20%
Breme
20%
Cervesina
20%
Gambarana
20%
Golferenzo
20%
Gravellona Lomellina
20%
Inverno e Monteleone
20%
Miradolo Terme
20%
Olevano di Lomellina
20%
Pieve Albignola
20%
Robecco Pavese
20%
Rocca Susella
20%
Rognano
20%
San Cipriano Po
20%
San Zenone al Po
20%
Torre de' Negri
20%
Vistarino
20%
Badia Pavese
16%
Barbianello
16%
Battuda
16%
Campospinoso Albaredo
16%
Castello d'Agogna
16%
Cecima
16%
Cigognola
16%
Cornale
16%
Corvino San Quirico
16%
Costa de' Nobili
16%
Dorno
16%
Filighera
16%
Mezzana Rabattone
16%
Montesegale
16%
Rovescala
16%
Spessa
16%
Valle Salimbene
16%
Verretto
16%
Villanova d'Ardenghi
16%
Volpara
16%
Albonese
12%
Borgoratto Mormorolo
12%
Calvignano
12%
Castelnovetto
12%
Cergnago
12%
Frascarolo
12%
Gerenzago
12%
Menconico
12%
Montecalvo Versiggia
12%
Monticelli Pavese
12%
Nicorvo
12%
Rea
12%
San Damiano al Colle
12%
Suardi
12%
Torricella Verzate
12%
Villa Biscossi
12%
Casanova Lonati
8%
Cozzo
8%
Lirio
8%
Montescano
8%
Mornico Losana
8%
Portalbera
8%
Rocca de' Giorgi
8%
Valle Lomellina
8%
Castana
4%
Ceretto Lomellina
4%
Langosco
4%
Semiana
4%
Valeggio
4%
Velezzo Lomellina
4%
Confienza
0%
Rosasco
0%
Sant'Angelo Lomellina
0%
Nessun quiz corrispondente trovato
Distribuzione punteggi
Percentuale di utenti per punteggio
Percentile per numero di risposta
I tuoi punteggi nel tempo
Non hai fatto questo quiz dall'ultimo reset